[Event "Novo Mesto op"]
[Site "Novo Mesto"]
[Date "2023.10.31"]
[Round "6"]
[White "Novak, Rok"]
[Black "Azinovic, Igor"]
[Result "1-0"]
[WhiteElo "1804"]
[BlackElo "1702"]
[PlyCount "83"]
[EventDate "2023.10.28"]
[EventType "swiss"]
[EventRounds "9"]
[EventCountry "SLO"]
[SourceTitle "CB48_2023"]
[SourceDate "2023.11.29"]
[SourceVersion "1"]
[SourceVersionDate "2023.11.29"]
[SourceQuality "1"]

1. e4 c5 2. Nf3 d6 3. d4 cxd4 4. Nxd4 Nf6 5. Nc3 a6 6. f3 Nbd7 7. Be3 b5 8. a4 b4 9. Na2 Qb6 10. Qd2 Rb8 11. a5 Qb7 12. Nc1 e5 13. Ndb3 d5 14. exd5 Nxd5 15. Bf2 Be7 16. Nd3 0-0 17. Be2 N5f6 18. 0-0 e4 19. Ndc5 Nxc5 20. Nxc5 Qc6 21. Nxe4 Nxe4 22. fxe4 Qxe4 23. Bd3 Qg4 24. Be3 Bb7 25. Rf4 Qh5 26. Rf5 Qh4 27. Qe2 Bd6 28. Rh5 Bxh2+ 29. Kh1 Bxg2+ 30. Kxg2 Qg3+ 31. Kh1 g6 32. Rxh2 Rfe8 33. Re1 Re6 34. Qf2 Qe5 35. Bd2 Qxb2 36. Rxe6 fxe6 37. Bh6 b3 38. cxb3 Qa1+ 39. Kg2 Qxa5 40. Bc4 Qe5 41. Rh4 Re8 42. Rf4 1-0

[Event "Forni di Sopra op 14th"]
[Site "Forni di Sopra"]
[Date "2023.06.12"]
[Round "3"]
[White "Narr, Kevin"]
[Black "Novak, Rok"]
[Result "1-0"]
[WhiteElo "2054"]
[BlackElo "1832"]
[PlyCount "37"]
[EventDate "2023.06.10"]
[EventType "swiss"]
[EventRounds "9"]
[EventCountry "ITA"]
[SourceTitle "CBM 214 Extra"]
[Source "ChessBase"]
[SourceDate "2023.07.31"]
[SourceVersion "1"]
[SourceVersionDate "2023.07.31"]
[SourceQuality "1"]

1. d4 d5 2. Nf3 Nf6 3. Bf4 c5 4. e3 Nc6 5. Nbd2 Bg4 6. c3 e6 7. Qa4 Nd7 8. Bb5 Rc8 9. Bxc6 Rxc6 10. Qxa7 Qc8 11. Qa4 f6 12. Bg3 Be7 13. 0-0 0-0 14. dxc5 Nxc5 15. Qxg4 f5 16. Qd4 Rd8 17. Ne5 Bf6 18. Nxc6 Bxd4 19. Ne7+ 1-0

[Event "Nova Gorica op 27th"]
[Site "Nova Gorica"]
[Date "2023.03.17"]
[Round "2"]
[White "Belli, Giorgio"]
[Black "Novak, Rok"]
[Result "1-0"]
[WhiteElo "2192"]
[BlackElo "1895"]
[PlyCount "51"]
[EventDate "2023.03.16"]
[EventType "swiss"]
[EventRounds "9"]
[EventCountry "SLO"]
[SourceTitle "CBM 213 Extra"]
[Source "ChessBase"]
[SourceDate "2023.05.31"]
[SourceVersion "1"]
[SourceVersionDate "2023.05.31"]
[SourceQuality "1"]

1. e4 c6 2. d4 d5 3. Nd2 dxe4 4. Nxe4 Nf6 5. Nxf6+ exf6 6. c3 Bd6 7. Bd3 0-0 8. Qc2 Re8+ 9. Ne2 h5 10. 0-0 h4 11. h3 Nd7 12. Bf4 Nf8 13. Qd2 Ne6 14. Bxd6 Qxd6 15. f4 c5 16. d5 c4 17. dxe6 cxd3 18. exf7+ Kxf7 19. Nd4 Qb6 20. Kh1 Be6 21. Qxd3 Red8 22. Qe2 Re8 23. Rae1 Bf5 24. Qc4+ Be6 25. Nxe6 Rxe6 26. f5 1-0

[Event "SLO-ch qual"]
[Site "Sentjur"]
[Date "2008.07.12"]
[Round "8"]
[White "Pahole, Tjasa"]
[Black "Novak, Rok"]
[Result "0-1"]
[WhiteElo "1591"]
[BlackElo "1500"]
[PlyCount "46"]
[EventDate "2008.07.03"]
[EventType "swiss"]
[EventRounds "9"]
[EventCountry "SLO"]
[SourceTitle "EXT 2010"]
[Source "ChessBase"]
[SourceDate "2010.11.25"]
[SourceVersion "1"]
[SourceVersionDate "2010.11.25"]
[SourceQuality "1"]

1. e4 c6 2. Nf3 d5 3. exd5 cxd5 4. d4 Nf6 5. Nc3 Qb6 6. Bg5 Qxb2 7. Ne2 Ne4 8. Bd2 Nc6 9. Nf4 Nxd2 10. Nxd2 Qxd4 11. g3 Bf5 12. Rb1 Nb4 13. Rc1 Rc8 14. Nb3 Qe4+ 15. Qe2 Qxh1 16. f3 Rxc2 17. Qe5 Rxc1+ 18. Nxc1 Nc2+ 19. Kd1 Qxf1+ 20. Kd2 e6 21. Kc3 d4+ 22. Kb3 Qxf3+ 23. Kc4 Na3+ 0-1